Ya Allah, aku rindu kepada-Mu

Bibliographic Details
Main Author: Asma Harun
Other Authors: Dwi Suwiknyo
Format: Book
Published: Selangor : Publishing House Sdn. Bhd. , 2021
Subjects:

MARC

LEADER 00000cam a2200000 7i4500
001 0000087422
005 20230125161627.0
008 220220
020 |a 9789674813796 
041 0 |a Malay 
090 0 0 |a 158.1088297   |b ASM 
100 0 |a Asma Harun 
245 1 0 |a Ya Allah, aku rindu kepada-Mu   |c Ustazah Asma Harun 
260 |a Selangor :   |b Publishing House Sdn. Bhd. ,   |c 2021 
300 |a 192 p. :   |b ill., col. ;   |c 19.3 cm. 
541 |c Purchased on 2021   |f 235/21 IMS   |h RM27.00 
650 0 |a Motivation (Psychology)   |x Religious aspects   |x Islam 
700 0 |a Dwi Suwiknyo 
999 |a 0001672940   |b Book   |c Adult Collection   |e Perbadanan Perpustakaan Awam Johor 
999 |a 0001672941   |b Book   |c Adult Collection   |e Cawangan AEON Kulaijaya 
999 |a 0001672942   |b Book   |c Adult Collection   |e Cawangan Urban Transformation Centre 
999 |a 0001672943   |b Book   |c Adult Collection   |e Perbadanan Perpustakaan Awam Johor 
999 |a 0001673148   |b Book   |c Adult Collection   |e Cawangan Mersing 
999 |a 0001673149   |b Book   |c Adult Collection   |e Cawangan Batu Pahat 
999 |a 0001673150   |b Book   |c Adult Collection   |e Cawangan Kota Tinggi 
999 |a 0001673151   |b Book   |c Adult Collection   |e Cawangan Taman Sri Lambak 
999 |a 0001673152   |b Book   |c Adult Collection   |e Cawangan Bandar Penawar 
999 |a 0001673153   |b Book   |c Adult Collection   |e Cawangan Tangkak 
999 |a 0001673154   |b Book   |c Adult Collection   |e Cawangan Tmn. Ungku Tun Aminah 
999 |a 0001673155   |b Book   |c Adult Collection   |e Cawangan Muar 
999 |a 0001673156   |b Book   |c Adult Collection   |e Cawangan Pontian 
999 |a 0001673157   |b Book   |c Adult Collection   |e Cawangan Bukit Gambir 
999 |a 0001673159   |b Book   |c Adult Collection   |e Cawangan Segamat 
999 |a 0001673160   |b Book   |c Adult Collection   |e Cawangan Bandar Tenggara